Vietnamese dynasties - Statistics

General Stats
  • This quiz has been taken 9 times
  • The average score is 7 of 15
Answer Stats
Hint Answer % Correct
Was former lords and defeated the above dynasty and was the last dynasty Nguyen
100%
Held onto power in part due to their economic strength, stability and general popularity among the population rather than by military means like previous dynasties and also had the only Empress Ly
78%
Defeated three mongol invasions Tran
78%
Succeed the previous dynasty after the Anarchy of the 12 Warlords Dinh
67%
Shortest lived and conquered by Ming dynasty Ho
67%
Started as a peasant revolt and ruled later and known for defeating the Qing dynasty Tay Son
67%
This dynasty temporarily overthrow above one but later lost ground what then started the North and South Dynasty Mac
56%
Victory at Bạch Đằng, ending 1,000 years of Chinese domination. Ngo
56%
Traditional Vietnamese historians considered this dynasty as a local Vietnamese dynasty while modern Vietnamese historians typically consider the this dynasty as a Chinese dynasty Trieu
44%
Overthrow the previous one and war with Song dynasty Early Le
22%
Free Vietnam form China again and longest lasting dynasty however ruled only in reality for century Later Le
22%
Was the founding king and the only ruler of the kingdom of Âu Lạc, an ancient state centered in the Red River Delta Thuc
22%
Was a legendary ancient period in Vietnamese historiography, Hong Bang
11%
Did same like one above but only ruled the south and invaded Cambodia and Champa Nguyen lords
11%
Fought against one before and help the another one above it and ruled the north and the realm and not technically a dynasty Trinh lords
11%
No matching quizzes found
Score Distribution
Percent of People with Each Score
Percentile by Number Answered
Your Score History
You have not taken this quiz